The NALCO water handbook / (Record no. 331932)

000 -LEADER
fixed length control field 00855cam a2200241 i 4500
001 - CONTROL NUMBER
control field 848568
003 - CONTROL NUMBER IDENTIFIER
control field NUST
005 - DATE AND TIME OF LATEST TRANSACTION
control field 20171102163214.0
008 - FIXED-LENGTH DATA ELEMENTS--GENERAL INFORMATION
fixed length control field 781103s1979 nyua b 001 0 eng
010 ## - LIBRARY OF CONGRESS CONTROL NUMBER
LC control number 78025825
020 ## - INTERNATIONAL STANDARD BOOK NUMBER
International Standard Book Number 0070458685 :
Terms of availability $28.50
040 ## - CATALOGING SOURCE
Original cataloging agency DLC
Transcribing agency DLC
Modifying agency DLC
050 00 - LIBRARY OF CONGRESS CALL NUMBER
Classification number QD169.W3
Item number N34 1979
082 00 - DEWEY DECIMAL CLASSIFICATION NUMBER
Classification number 628.162 NAL
Edition number 19
110 2# - MAIN ENTRY--CORPORATE NAME
Corporate name or jurisdiction name as entry element Nalco Chemical Company.
9 (RLIN) 5884
245 14 - TITLE STATEMENT
Title The NALCO water handbook /
Statement of responsibility, etc. Nalco Chemical Company ; Frank N. Kemmer, editor-in-chief ; John McCallion, associate editor.
260 ## - PUBLICATION, DISTRIBUTION, ETC.
Place of publication, distribution, etc. New York :
Name of publisher, distributor, etc. McGraw-Hill,
Date of publication, distribution, etc. c1979.
300 ## - PHYSICAL DESCRIPTION
Extent Various pages
Other physical details ill. ;
Dimensions 24 cm.
500 ## - GENERAL NOTE
General note H.B
504 ## - BIBLIOGRAPHY, ETC. NOTE
Bibliography, etc. note Includes bibliographies and index.
650 #0 - SUBJECT ADDED ENTRY--TOPICAL TERM
Topical term or geographic name entry element Water
General subdivision Handbooks, manuals, etc.
9 (RLIN) 5885
700 1# - ADDED ENTRY--PERSONAL NAME
Personal name Kemmer, Frank N.
9 (RLIN) 5886
906 ## - LOCAL DATA ELEMENT F, LDF (RLIN)
a 7
b cbc
c orignew
d 1
e ocip
f 19
g y-gencatlg
942 ## - ADDED ENTRY ELEMENTS (KOHA)
Source of classification or shelving scheme
Koha item type Book
Call number prefix IESE
Holdings
Withdrawn status Lost status Source of classification or shelving scheme Damaged status Not for loan Collection code Permanent Location Current Location Shelving location Date acquired Total Checkouts Full call number Barcode Date last seen Price effective from Koha item type
            Institute of Environmental Science and Engineering (IESE) Institute of Environmental Science and Engineering (IESE) General Stacks 11/02/2017   628.162 NAL IESE-265 11/02/2017 11/02/2017 Book
© 2023 Central Library, National University of Sciences and Technology. All Rights Reserved.